000 00638nam a2200241Ia 4500
003 OSt
005 20221007080537.0
006 a|||||r|||| 00| 0
007 ta
008 221006b |||||||| |||| 00| 0 eng d
020 _a0706905393
024 _a6,328
037 _cTextual
040 _aFLL
_cFLL
_beng
041 _2eng
_aeng
082 _aZ(Q2), L8
100 _aDerrett J. Duncan M.
245 0 _aDeath of a marriage law
260 _aNew Delhi
_bVikas Publishing House Pvt Ltd India
_c1978
300 _axxvi,228p
_ccm.
942 _hZ(Q2), L8
_cTEXL
_2CC
999 _c1160041
_d1160041